| 000 | 01056nas a2200349 4500 | ||
|---|---|---|---|
| 001 | BR2015001484 | ||
| 003 | BR-BrBNA | ||
| 005 | 20231205125113.0 | ||
| 007 | ta | ||
| 008 | 230509b bl.|||p| |||| 00| 00por d | ||
| 040 |
_aBR-BrBNA _bpor _cBiblioteca Nacional de Agricultura |
||
| 041 | _a(Pt) | ||
| 072 | _aF60 | ||
| 100 | 1 | _aVeríssimo, V. | |
| 100 | 1 | _aCruz, S.J.S. | |
| 100 | 1 | _aPereira, L.F.M. | |
| 100 | 1 | _aSilva, P.B. da | |
| 100 | 1 | _aTeixeira, J.D. | |
| 100 | 1 | _aFerriera, V.M. | |
| 100 | 1 | _aEndres, L. | |
| 245 | 1 | _aTrocas gasosas e crescimento vegetativo de quatro variedades de mandioca | |
| 650 | _aMANDIOCA | ||
| 650 | _aMANIHOT ESCULENTA | ||
| 650 | _aCLOROFILA | ||
| 650 | _aFOTOSSINTESE | ||
| 650 | _aFISIOLOGIA VEGETAL | ||
| 650 | _aCRESCIMENTO | ||
| 773 | 0 |
_tRevista Raízes e Amidos Tropicais (Brazil) _xISSN 1808-981X _g(2010), v. 6(1) p. 232-240 _wBR2015001484 |
|
| 856 | 4 | 0 | _uhttp://energia.fca.unesp.br/index.php/rat/article/view/1123/469 |
| 909 |
_a202311 _bLúcia _c55 _dLúcia Elande |
||
| 942 |
_2AGRIS _n0 _cANA |
||
| 999 |
_c242652 _d242652 |
||